| 000 | 00609nam a22001577a 4500 | ||
|---|---|---|---|
| 003 | OSt | ||
| 005 | 20150923173115.0 | ||
| 008 | 150923b xxu||||| |||| 00| 0 eng d | ||
| 040 | _cRUA | ||
| 082 | _aAGR VEN 2011 B048 Or.1 | ||
| 100 |
_91226 _aVENN SAMPHORS |
||
| 245 | _aEffect of nitrogen fertilizer on cucumber yeild,(ឥទ្ធិពលនៃការប្រើប្រាស់កំរិតជីអាសូតខុសៗគ្នា ទៅលើទិន្នផលដំណាំត្រសក់) | ||
| 260 |
_aphnom penh _bRUA _c2011 |
||
| 300 |
_ax, 34p. _cill. _g29cm. |
||
| 942 |
_2ddc _cAGR |
||
| 999 |
_c1170 _d1170 |
||